[Event "Thessaloniki White Tower op-C 41th"]
[Site "Thessaloniki"]
[Date "2019.01.02"]
[Round "1.18"]
[White "Delisavidis, Dionysios"]
[Black "Ampsi, Ilias"]
[Result "1-0"]
[WhiteElo "1149"]
[BlackElo "1000"]
[PlyCount "45"]
[EventDate "2019.01.02"]
[EventType "swiss"]
[EventRounds "6"]
[EventCountry "GRE"]
[SourceTitle "EXT 2024"]
[Source "ChessBase"]
[SourceDate "2023.10.10"]
[SourceVersion "1"]
[SourceVersionDate "2023.10.10"]
[SourceQuality "1"]

1. e4 e6 2. d4 d6 3. Nf3 Nf6 4. Nbd2 Nbd7 5. Bd3 d5 6. e5 Nh5 7. g3 Bb4 8. c3 Ba5 9. Nb3 b6 10. g4 Nf4 11. Bxf4 g5 12. Bxg5 f6 13. exf6 Nxf6 14. Ne5 Rg8 15. Bb5+ Bd7 16. Bxd7+ Qxd7 17. Nxd7 Rxg5 18. Nxf6+ Kf7 19. h4 Rxg4 20. Nxg4 Re8 21. Qf3+ Kg6 22. Qf6+ Kh5 23. Qg5# 1-0